| 000 | 00587nam a22001932 4500 | ||
|---|---|---|---|
| 001 | 0000011694 | ||
| 005 | 20151217155845.0 | ||
| 008 | 090104s xx 000 0 eng d | ||
| 040 |
_aKABU _cKABU |
||
| 100 | 1 |
_aStevens, Thomas. _@0000167667 |
|
| 245 | 1 | 0 |
_aScounting for Stanley in East Africa / _cby Thomas Stevens. |
| 250 | _a1st ed. | ||
| 260 |
_aLondon : _bCassell, _c1890. |
||
| 300 | _avii, 288 p. | ||
| 651 | 0 |
_aAfrica, Central _xDescription and travel. _@0000148674 |
|
| 852 | 1 | _9p200 KES | |
| 908 | _a090104 | ||
| 950 | _@1 | ||
| 999 |
_c13336 _d13336 |
||